000 00548nam a2200205Ia 4500
005 20260429112028.0
008 260429s9999||||xx |||||||||||||| ||und||
020 _a9781032851563
041 _aEnglish
082 _a615.3
_bKEI
100 _aKeighley, Nathan
245 0 _aIntroduction to organic and medicinal chemistry /
_cNathan Keighley
250 _a1st ed.
260 _aBoca Raton :
_bCRC Press,
_c2025.
300 _ax, 217 p.; pbk
650 _a Organic chemistry
650 _a Pharmacology
650 _aMedicine
942 _cTB
999 _c51973
_d51973